000
00320nam a22001337a 4500
008
260324b ||||| |||| 00| 0 eng d
020
_a
9789951059060
041
_a
Shqip
080
_a
821.18
100
_a
25
101
_a
legjenda
245
_a
Legjenda dhe rrëfime për Skënderbeun
_c
Naum Prifti
942
_2
udc
_c
BK
999
_c
60924
_d
60924